|
|
|
|
| LEADER |
00803nam a22002292a 4500 |
| 001 |
000306699 |
| 003 |
CZ BrMZK |
| 005 |
20080908143658.0 |
| 007 |
ta |
| 008 |
980105s1984 xo f slo d |
| 040 |
|
|
|a BOA001
|b cze
|
| 080 |
9 |
|
|a 886.1-2
|
| 100 |
1 |
|
|a Matković, Marijan,
|d 1915-1985
|7 kup19950000062696
|4 aut
|
| 245 |
1 |
0 |
|a Trójou zakliate :
|b 3 epizódy /
|c Marijan Matkovič ; zo srbochorvatského originála ... preložil Branislav Choma
|
| 260 |
|
|
|a Bratislava :
|b Slovenská literárna agentúra,
|c 1984
|
| 300 |
|
|
|a 55 s.
|
| 700 |
1 |
|
|a Choma, Branislav,
|d 1924-2007
|7 ola2002150728
|4 trl
|
| 765 |
0 |
|
|t Trojom uklete
|9 Slovensky
|
| 910 |
|
|
|a BOA001
|b 4-0874.852
|
| 990 |
|
|
|a BK
|
| 991 |
|
|
|b 200809
|
| 996 |
7 |
|
|b 2619835171
|c 4-0874.852
|l MZK
|r Sklad / do 1 hodiny
|n 2
|w 000306699
|u 000010
|a 1
|e BOA001
|j MZK50
|s A
|